Parkinsonian disorders in clinical practice (Record no. 62825)
[ view plain ]
| 000 -LEADER | |
|---|---|
| fixed length control field | 01340nam a22003374a 4500 |
| 082 04 - DEWEY DECIMAL CLASSIFICATION NUMBER | |
| Classification number | 616.8/33 |
| 245 00 - TITLE STATEMENT | |
| Title | Parkinsonian disorders in clinical practice |
| 260 ## - PUBLICATION, DISTRIBUTION, ETC. (IMPRINT) | |
| Place of publication | Chichester, UK ; |
| -- | Hoboken, NJ : |
| Name of publisher | Wiley-Blackwell, |
| Year of publication | 2009. |
| 300 ## - PHYSICAL DESCRIPTION | |
| Number of Pages | xii, 196 p. : |
| Other physical details | col. ill. |
| 650 #0 - SUBJECT ADDED ENTRY--TOPICAL TERM | |
| Topical Term | Parkinson's disease. |
| 700 1# - ADDED ENTRY--PERSONAL NAME | |
| Personal name | Schapira, Anthony H. V. |
| Personal name | Hartmann, Andreas, |
| Personal name | Agid, Yves. |
| 856 40 - ELECTRONIC LOCATION AND ACCESS | |
| Uniform Resource Identifier | http://site.ebrary.com/lib/rucke/Doc?id=10313656 |
No items available.
